000 00320nam a2200121 a 4500
001 000002452
005 20200929150209.0
008 090702s2006 000 spa d
020 _a8489384630
245 0 _aLibros escogidos de literatura infantil (8-11 aƱos) 2004-2005.
260 _aMadrid,
_c2006.
999 _c2288
_d2288
040 _aDO-SdBNP